[Event "Tournoi francophone 003 Groupe C"]
[Site "Skype"]
[Date "????.??.??"]
[Round "1.1"]
[White "Hargez, Dany"]
[Black "Talbot, Jacques"]
[Result "1-0"]
[WhiteElo "1384"]
[BlackElo "1525"]
[PlyCount "77"]

1. d4 d5 2. c4 e6 3. Nf3 Nf6 4. Bg5 Be7 5. e3 c6 6. Bd3 dxc4 7. Bxc4 O-O 8. O-O
Nbd7 9. Nc3 h6 10. Bh4 Nd5 11. Bxe7 Qxe7 12. Nxd5 cxd5 13. Bd3 Nf6 14. Re1 Bd7
15. Ne5 Rac8 16. e4 dxe4 17. Bxe4 Nxe4 18. Rxe4 Bc6 19. Rg4 Rfd8 20. Qd3 Qf6
21. Nf3 Bxf3 22. gxf3 Rc7 23. Re1 Rcd7 24. Ree4 Rd5 25. Ref4 Qe7 26. Qe3 Rg5
27. h4 Rxg4+ 28. Rxg4 Qf6 29. Qe4 b6 30. Kg2 Qf5 31. Qb7 Qa5 32. Qe7 b5 33. Qf6
g6 34. Qf4 Kg7 35. h5 g5 36. Qe5+ Kg8 37. Qf6 Qb6 38. Qxh6 Rxd4 39. Rxg5# 1-0

[Event "Tournoi francophone 003 Groupe C"]
[Site "Skype"]
[Date "????.??.??"]
[Round "1.2"]
[White "Gabriele, Noel"]
[Black "Dubois, Real"]
[Result "0-1"]
[WhiteElo "1373"]
[BlackElo "1409"]
[PlyCount "90"]

1. d4 g6 2. e4 d6 3. Nc3 Bg7 4. Nf3 c6 5. Bf4 Be6 6. Ng5 Qd7 7. Nxe6 Qxe6 8.
Be2 Nh6 9. O-O Nd7 10. d5 cxd5 11. exd5 Qf6 12. Qd2 Nf5 13. a4 Qd4 14. Qxd4
Nxd4 15. Bd3 O-O 16. Ne4 Nf6 17. c3 Nb3 18. Ra3 Nc5 19. Nxc5 dxc5 20. d6 Nd5
21. dxe7 Nxe7 22. Bc4 b6 23. Bd6 Bf6 24. Re1 Nf5 25. Bxf8 Rxf8 26. Raa1 Rd8 27.
Re2 Nd6 28. Bb3 c4 29. Bc2 Nb7 30. Rae1 Kg7 31. f4 Nc5 32. Rf1 Nd3 33. b3 cxb3
34. Bxb3 Rd7 35. c4 Nc5 36. Bc2 a5 37. f5 Rd4 38. fxg6 hxg6 39. Ref2 Rd6 40. g4
Bd4 41. Kg2 Bxf2 42. Rxf2 Rf6 43. Rxf6 Kxf6 44. Kf3 Ne6 45. h4 Nd4+ 0-1

[Event "Tournoi francophone 003 Groupe C"]
[Site "Skype"]
[Date "????.??.??"]
[Round "1.3"]
[White "Bousbia, Amine"]
[Black "L'Herbon De Lussats, Jean"]
[Result "1-0"]
[WhiteElo "1513"]
[BlackElo "1374"]
[PlyCount "53"]

1. e4 e6 2. Nf3 c5 3. g3 Nc6 4. Bg2 d5 5. exd5 Qxd5 6. O-O Nf6 7. Nc3 Qd7 8. d3
h6 9. Bf4 Be7 10. Nb5 a6 11. Nc7+ Kf8 12. Nxa8 e5 13. Nxe5 Nxe5 14. Bxe5 Bd6
15. Nb6 Qe6 16. Bxd6+ Qxd6 17. Nxc8 Qc7 18. Bh3 g6 19. Re1 b5 20. Qf3 Ng8 21.
Be6 Kg7 22. Nd6 fxe6 23. Ne8+ Kh7 24. Nxc7 h5 25. Nxe6 Nh6 26. Qb7+ Kg8 27.
Qg7# 1-0

[Event "Tournoi francophone 003 Groupe C"]
[Site "Skype"]
[Date "????.??.??"]
[Round "1.4"]
[White "Holtz, Steve"]
[Black "Rodriguez, Nathalie"]
[Result "1-0"]
[WhiteElo "1609"]
[BlackElo "1385"]
[PlyCount "47"]

1. d4 d5 2. Nf3 Nf6 3. Nc3 h6 4. Bf4 Nc6 5. Nb5 Bf5 6. Nxc7+ Kd7 7. Nxa8 Qxa8
8. c3 e6 9. e3 Qe8 10. h3 a6 11. Qa4 Qa8 12. Bb5 Kc8 13. Bxc6 bxc6 14. Qa5 Qb7
15. O-O Be7 16. Ne5 Bd8 17. Qa4 Rf8 18. Nxc6 Bb6 19. Qa3 Re8 20. Ne5 Nd7 21.
Nxf7 Bc7 22. Bxc7 Kxc7 23. Nd6 Qb8 24. Nxe8+ 1-0

[Event "Tournoi francophone 003 Groupe C"]
[Site "Skype"]
[Date "????.??.??"]
[Round "1.5"]
[White "Martin, Jean-Claude"]
[Black "Coruble, Didier"]
[Result "1-0"]
[WhiteElo "1440"]
[BlackElo "1505"]
[PlyCount "67"]

1. d4 c6 2. c4 b6 3. e4 d5 4. e5 e6 5. a3 a5 6. Nc3 Ba6 7. b3 h6 8. Nf3 Ne7 9.
Bd3 Nf5 10. Bxf5 exf5 11. Nd2 g6 12. O-O Bc8 13. cxd5 cxd5 14. Re1 Be6 15. Bb2
Nc6 16. Nf3 Be7 17. b4 O-O 18. b5 Na7 19. a4 Bb4 20. Qb3 Kg7 21. Ba3 Be7 22.
Bxe7 Qxe7 23. Nxd5 Qd8 24. Qd1 Bxd5 25. Rc1 Rc8 26. Rxc8 Qxc8 27. Qc1 Qb7 28.
Re3 Rc8 29. Rc3 Bxf3 30. Rxc8 Bxg2 31. Rc7 Qa8 32. e6 Kf8 33. Qxh6+ Kg8 34.
exf7# 1-0

[Event "Tournoi francophone 003 Groupe C"]
[Site "Skype"]
[Date "????.??.??"]
[Round "2.1"]
[White "Talbot, Jacques"]
[Black "Coruble, Didier"]
[Result "0-1"]
[WhiteElo "1525"]
[BlackElo "1505"]
[PlyCount "98"]

1. e4 d6 2. d4 Nf6 3. Nc3 c6 4. h3 b5 5. Bd3 Nbd7 6. Nf3 g6 7. O-O Bg7 8. Be3
O-O 9. Qd2 Ne8 10. Bh6 Ndf6 11. Bxg7 Nxg7 12. e5 Nfe8 13. Ne4 f6 14. exd6 exd6
15. Rfe1 Bb7 16. Rad1 f5 17. Neg5 f4 18. c4 h6 19. Ne4 Kh7 20. cxb5 cxb5 21.
Bxb5 Rf5 22. Bxe8 Nxe8 23. Qb4 Rb8 24. Qd2 d5 25. Nc5 Bc8 26. Ne6 Qf6 27. Rc1
Bxe6 28. Rc6 Ng7 29. Rec1 Rb7 30. Rc7 Rxc7 31. Rxc7 Rh5 32. Kh2 g5 33. Qc2+ Bf5
34. Qa4 g4 35. Ng1 gxh3 36. Nxh3 f3 37. Qe8 Qd6+ 38. Qe5 Qxe5+ 39. dxe5 fxg2
40. Kxg2 Bxh3+ 41. Kg3 Be6 42. Rxa7 Rxe5 43. b4 d4 44. Rc7 d3 45. Rc1 Bxa2 46.
Rd1 Bc4 47. Kg2 Re2 48. Kf1 d2 49. f4 Re1+ 0-1

[Event "Tournoi francophone 003 Groupe C"]
[Site "Skype"]
[Date "????.??.??"]
[Round "2.2"]
[White "Rodriguez, Nathalie"]
[Black "Martin, Jean-Claude"]
[Result "0-1"]
[WhiteElo "1385"]
[BlackElo "1440"]
[PlyCount "60"]

1. d4 e5 2. Nc3 exd4 3. Qxd4 Nc6 4. Qd2 Bc5 5. a3 Nf6 6. h3 h6 7. Nf3 d6 8. e3
O-O 9. Bd3 a6 10. Ne4 Nxe4 11. Bxe4 Bd7 12. Bd3 Re8 13. O-O Ne5 14. Nxe5 Rxe5
15. Re1 Bc6 16. f3 Rg5 17. b4 Bxf3 18. g4 Bb6 19. Bb2 Bxg4 20. hxg4 Rxg4+ 21.
Kf1 Qg5 22. Ke2 Rg2+ 23. Kd1 Rxd2+ 24. Kxd2 Re8 25. Rad1 Bxe3+ 26. Rxe3 Qxe3+
27. Kc3 Qe5+ 28. Kb3 Qd5+ 29. c4 Qf3 30. Rd2 Re3 0-1

[Event "Tournoi francophone 003 Groupe C"]
[Site "Skype"]
[Date "????.??.??"]
[Round "2.3"]
[White "L'Herbon De Lussats, Jean"]
[Black "Holtz, Steve"]
[Result "1-0"]
[WhiteElo "1374"]
[BlackElo "1609"]
[PlyCount "85"]

1. e4 e5 2. Nf3 Nc6 3. Bc4 Nd4 4. Nxe5 Qg5 5. Ng4 d5 6. Bxd5 Bxg4 7. f3 Bc8 8.
O-O Bc5 9. Kh1 Qd8 10. c3 Ne6 11. d4 Bd6 12. a3 Ne7 13. Ba2 O-O 14. b4 Bf4 15.
d5 Bxc1 16. Qxc1 Ng6 17. dxe6 Bxe6 18. Rd1 Qf6 19. Qe3 Rfd8 20. Rd4 Ne5 21. Nd2
Bxa2 22. Rxa2 Rxd4 23. cxd4 Nc6 24. Nb3 Rd8 25. Rd2 b6 26. g3 Ne7 27. f4 Qc6
28. Kg1 a5 29. bxa5 bxa5 30. Nxa5 Qa4 31. Nb7 Rb8 32. Nc5 Qc4 33. Qd3 Qc1+ 34.
Kf2 Rb1 35. Ke3 Qg1+ 36. Rf2 Re1+ 37. Kf3 Nc6 38. e5 Qh1+ 39. Kg4 g6 40. Ne4
h5+ 41. Kg5 Qg1 42. d5 Qxf2 43. Nxf2 1-0

[Event "Tournoi francophone 003 Groupe C"]
[Site "Skype"]
[Date "????.??.??"]
[Round "2.4"]
[White "Dubois, Real"]
[Black "Bousbia, Amine"]
[Result "1/2-1/2"]
[WhiteElo "1409"]
[BlackElo "1513"]
[PlyCount "118"]

1. d4 f5 2. Nf3 Nf6 3. e3 g6 4. Bd3 Bg7 5. c3 O-O 6. O-O d5 7. Qc2 Nc6 8. Nbd2
Ne4 9. c4 e6 10. a3 Bf6 11. b4 Qd6 12. cxd5 exd5 13. Bb2 Bd7 14. Rac1 a6 15.
Nb3 Ng5 16. Ne5 Rac8 17. Nxd7 Qxd7 18. Nc5 Qg7 19. Nxb7 Ne7 20. Nc5 Ra8 21. Nd7
Rfc8 22. Nxf6+ Qxf6 23. f3 f4 24. e4 dxe4 25. Bxe4 Nxe4 26. Qxe4 Nf5 27. Qd5+
Qf7 28. Qxf7+ Kxf7 29. Rfe1 Ra7 30. d5 c6 31. dxc6 Rac7 32. a4 Rxc6 33. Rxc6
Rxc6 34. Rc1 Rxc1+ 35. Bxc1 g5 36. b5 axb5 37. axb5 Nd6 38. b6 Nb7 39. g3 Ke6
40. gxf4 gxf4 41. Bxf4 Kf5 42. Bc7 h6 43. Kg2 h5 44. f4 Kg4 45. h3+ Kf5 46. Kg3
Nc5 47. Kh4 Kg6 48. Bd6 Nb7 49. Bb4 Nd8 50. f5+ Kxf5 51. Kxh5 Nb7 52. h4 Kf6
53. Kh6 Kf7 54. Kh7 Kf6 55. h5 Kf7 56. h6 Nd8 57. Bd6 Nb7 58. Bb4 Nd8 59. Bd6
Nb7 1/2-1/2

[Event "Tournoi francophone 003 Groupe C"]
[Site "Skype"]
[Date "????.??.??"]
[Round "2.5"]
[White "Hargez, Dany"]
[Black "Gabriele, Noel"]
[Result "1/2-1/2"]
[WhiteElo "1384"]
[BlackElo "1373"]
[PlyCount "80"]

1. e4 e5 2. d4 exd4 3. Nf3 c5 4. Bc4 h6 5. O-O Nc6 6. Bf4 d6 7. h3 Nf6 8. Bd5
Nxd5 9. exd5 Nb4 10. Qe2+ Be7 11. Qc4 O-O 12. a3 Na6 13. c3 dxc3 14. Nxc3 Nc7
15. Qe4 f5 16. Qe3 Rf6 17. Rfe1 Rf7 18. b4 b6 19. Rad1 g5 20. Bh2 f4 21. Qe2
Ba6 22. b5 Bb7 23. a4 Qd7 24. Qd3 Rg7 25. g3 Qxh3 26. Re2 Rf8 27. Nd2 Bc8 28.
Rde1 Rff7 29. Nce4 Bf5 30. f3 Bg6 31. Qc4 g4 32. Nf2 Qh5 33. fxg4 Qg5 34. Nf3
Qf6 35. gxf4 Bf5 36. Bg3 Bxg4 37. Nxg4 Rxg4 38. Kf2 Qg7 39. Rg1 Bf8 40. Nh4 Rf6
1/2-1/2

[Event "Tournoi francophone 003 Groupe C"]
[Site "Skype"]
[Date "????.??.??"]
[Round "3.1"]
[White "Gabriele, Noel"]
[Black "Talbot, Jacques"]
[Result "1/2-1/2"]
[WhiteElo "1373"]
[BlackElo "1525"]
[PlyCount "40"]

1. d4 d5 2. Nc3 Nf6 3. Bf4 a6 4. Nf3 e6 5. e3 Bd6 6. Bxd6 Qxd6 7. Ne5 Nbd7 8.
f4 c5 9. Bd3 Qe7 10. O-O O-O 11. Qf3 Nxe5 12. fxe5 Nd7 13. Qh5 g6 14. Qg4 f5
15. exf6 Rxf6 16. Rxf6 Nxf6 17. Qg5 Kg7 18. Rf1 Ng8 19. Qe5+ Nf6 20. Qg5 Ng8
1/2-1/2

[Event "Tournoi francophone 003 Groupe C"]
[Site "Skype"]
[Date "????.??.??"]
[Round "3.3"]
[White "Holtz, Steve"]
[Black "Dubois, Real"]
[Result "1/2-1/2"]
[WhiteElo "1609"]
[BlackElo "1409"]
[PlyCount "60"]

1. d4 d5 2. Nf3 e6 3. Bf4 Nd7 4. Nc3 a6 5. e3 Ngf6 6. Bd3 Be7 7. O-O O-O 8. e4
dxe4 9. Nxe4 Nd5 10. Bg3 c6 11. c3 b5 12. Qc2 N5f6 13. a3 Re8 14. Rfe1 Nf8 15.
Nxf6+ Bxf6 16. Be4 Bb7 17. Nd2 Qb6 18. Nb3 Be7 19. Nd2 Rac8 20. Qb3 c5 21. Bxb7
Qxb7 22. dxc5 Bxc5 23. Ne4 Be7 24. Qd1 Qc6 25. Qf3 Red8 26. Rad1 Rxd1 27. Rxd1
f5 28. Nd2 Qxf3 29. Nxf3 Bf6 30. Re1 Re8 1/2-1/2

[Event "Tournoi francophone 003 Groupe C"]
[Site "Skype"]
[Date "????.??.??"]
[Round "3.4"]
[White "Martin, Jean-Claude"]
[Black "L'Herbon De Lussats, Jean"]
[Result "0-1"]
[WhiteElo "1440"]
[BlackElo "1374"]
[PlyCount "66"]

1. d4 Nf6 2. c4 g6 3. Nc3 Bg7 4. e4 O-O 5. e5 Nh5 6. Be2 d6 7. Bxh5 gxh5 8. Nf3
Bg4 9. Bf4 c5 10. h3 Bf5 11. O-O Bg6 12. dxc5 dxc5 13. Qxd8 Rxd8 14. Rfd1 Nc6
15. Rd5 e6 16. Rd2 Nd4 17. Nxd4 Rxd4 18. Rxd4 cxd4 19. Nb5 Rd8 20. Nd6 b6 21.
Rd1 d3 22. a3 f6 23. exf6 Bxf6 24. b4 e5 25. Be3 Rxd6 26. c5 bxc5 27. bxc5 Rc6
28. Rc1 e4 29. Rc4 Kg7 30. Bd4 Bxd4 31. Rxd4 Rxc5 32. Rd7+ Kf6 33. Kf1 Rc1# 0-1

[Event "Tournoi francophone 003 Groupe C"]
[Site "Skype"]
[Date "????.??.??"]
[Round "3.5"]
[White "Coruble, Didier"]
[Black "Rodriguez, Nathalie"]
[Result "1-0"]
[WhiteElo "1505"]
[BlackElo "1385"]
[PlyCount "67"]

1. c4 c5 2. Nc3 a6 3. b3 d6 4. Bb2 Nc6 5. e3 g6 6. Be2 Be6 7. Qc2 Nf6 8. f3 Bg7
9. O-O-O Nb4 10. Qb1 Bf5 11. d3 Qa5 12. g4 Be6 13. a3 Nc6 14. Na4 O-O 15. Bc3
Qc7 16. Rd2 Ne5 17. h4 h5 18. g5 Nfd7 19. d4 Nc6 20. d5 Bf5 21. e4 Nd4 22. Bd3
Nb6 23. exf5 gxf5 24. Ba5 Qb8 25. Bxb6 e6 26. Nc3 Re8 27. f4 Bf8 28. Nh3 Be7
29. dxe6 Nxe6 30. Bxf5 Bd8 31. Nd5 Nd4 32. Bh7+ Kh8 33. Rxd4 cxd4 34. Bxd4+ 1-0

[Event "Tournoi francophone 003 Groupe C"]
[Site "Skype"]
[Date "????.??.??"]
[Round "4.1"]
[White "Talbot, Jacques"]
[Black "Rodriguez, Nathalie"]
[Result "1-0"]
[WhiteElo "1525"]
[BlackElo "1385"]
[PlyCount "33"]

1. e4 e5 2. Nf3 Nc6 3. d4 exd4 4. Nxd4 Nxd4 5. Qxd4 d6 6. Bc4 Nf6 7. Nc3 a6 8.
O-O g6 9. Bg5 Bg7 10. Nd5 Nxd5 11. Qxg7 Qxg5 12. Qxh8+ Kd7 13. Bxd5 c6 14. Bxf7
b5 15. Qxh7 Bb7 16. Bxg6+ Qe7 17. Bf5+ 1-0

[Event "Tournoi francophone 003 Groupe C"]
[Site "Skype"]
[Date "????.??.??"]
[Round "4.2"]
[White "L'Herbon De Lussats, Jean"]
[Black "Coruble, Didier"]
[Result "1-0"]
[WhiteElo "1374"]
[BlackElo "1505"]
[PlyCount "65"]

1. e4 d6 2. d4 e5 3. dxe5 dxe5 4. Qxd8+ Kxd8 5. Nf3 Nc6 6. Bc4 Ke8 7. O-O Bg4
8. Ng5 Nh6 9. Nc3 Nd4 10. Bd2 c6 11. a4 Rd8 12. Nb1 Nxc2 13. Ra2 Rd4 14. b3 Nb4
15. Bxb4 Bxb4 16. f3 Bh5 17. g4 Bg6 18. h4 f6 19. Ne6 Bf7 20. Nxd4 exd4 21. Nd2
Bxc4 22. Nxc4 Ke7 23. Rd1 Rd8 24. Rd3 Bc3 25. Re2 b5 26. axb5 cxb5 27. Na3 a6
28. Nb1 Bb4 29. Rc2 Nf7 30. Rc7+ Rd7 31. Rxd7+ Kxd7 32. Rxd4+ Nd6 33. Rxb4 1-0

[Event "Tournoi francophone 003 Groupe C"]
[Site "Skype"]
[Date "????.??.??"]
[Round "4.3"]
[White "Dubois, Real"]
[Black "Martin, Jean-Claude"]
[Result "0-1"]
[WhiteElo "1409"]
[BlackElo "1440"]
[PlyCount "64"]

1. e4 e5 2. Nf3 Nc6 3. Bc4 Bc5 4. h3 h6 5. c3 Nf6 6. d3 d6 7. O-O O-O 8. Re1
Re8 9. Be3 Bxe3 10. Rxe3 Be6 11. Nbd2 Bxc4 12. Nxc4 d5 13. exd5 Nxd5 14. Re1 f6
15. Qc2 b5 16. Ncd2 Nf4 17. d4 exd4 18. Rxe8+ Qxe8 19. Nxd4 Nxd4 20. cxd4 Ne2+
21. Kf1 Nxd4 22. Qxc7 Qe2+ 23. Kg1 Qxd2 24. Qc5 Qxb2 25. Qd5+ Kh7 26. Re1 Rc8
27. Qe4+ g6 28. Kh2 f5 29. Qe7+ Kg8 30. Qxa7 Qxf2 31. Re7 Nf3+ 32. Kh1 Qf1+ 0-1

[Event "Tournoi francophone 003 Groupe C"]
[Site "Skype"]
[Date "????.??.??"]
[Round "4.4"]
[White "Hargez, Dany"]
[Black "Holtz, Steve"]
[Result "1-0"]
[WhiteElo "1384"]
[BlackElo "1609"]
[PlyCount "43"]

1. e4 e5 2. d4 exd4 3. Nf3 c5 4. Bc4 d6 5. O-O Be7 6. c3 dxc3 7. Nxc3 h6 8. e5
b6 9. Bd5 Ba6 10. Re1 Nd7 11. Bxa8 Qxa8 12. exd6 Qc6 13. dxe7 Bb7 14. Nd5 Ngf6
15. Nxf6+ gxf6 16. Bf4 h5 17. h4 f5 18. Rc1 Rg8 19. Bg3 Rg4 20. Rc3 f4 21. Bh2
Rxh4 22. Nxh4 1-0

[Event "Tournoi francophone 003 Groupe C"]
[Site "Skype"]
[Date "????.??.??"]
[Round "5.1"]
[White "Bousbia, Amine"]
[Black "Talbot, Jacques"]
[Result "0-1"]
[WhiteElo "1513"]
[BlackElo "1525"]
[PlyCount "78"]

1. e4 e5 2. Nf3 d6 3. Nc3 Nf6 4. d4 exd4 5. Nxd4 Bd7 6. Bc4 Nc6 7. O-O Be7 8.
f4 O-O 9. Nxc6 Bxc6 10. Qf3 a6 11. Bd2 b5 12. Bd3 b4 13. Nd5 a5 14. f5 Nxd5 15.
exd5 Bd7 16. Rae1 Bf6 17. c3 bxc3 18. Bxc3 Bxc3 19. bxc3 Qf6 20. Re4 Rfe8 21.
Rc4 Rac8 22. Bc2 Bb5 23. Rd4 Bxf1 24. Qxf1 c5 25. Rd3 Re5 26. Rd1 Rce8 27. c4
Re2 28. Bb1 Qc3 29. Rd3 Qxd3 30. Bxd3 Re1 31. g3 Rxf1+ 32. Kxf1 Re3 33. Be2 Kf8
34. a4 Ra3 35. g4 Rxa4 36. Kg2 Ra2 37. Kf2 a4 38. h4 Rxe2+ 39. Kxe2 a3 0-1

[Event "Tournoi francophone 003 Groupe C"]
[Site "Skype"]
[Date "????.??.??"]
[Round "5.2"]
[White "Holtz, Steve"]
[Black "Gabriele, Noel"]
[Result "*"]
[WhiteElo "1609"]
[BlackElo "1373"]
[PlyCount "37"]

1. d4 d5 2. Nf3 Nc6 3. Bf4 Bf5 4. a3 Nf6 5. e3 Nh5 6. Bg3 Nxg3 7. hxg3 e6 8.
Bb5 a6 9. Ba4 Qd6 10. Ne5 Be7 11. Nxc6 bxc6 12. Nd2 O-O 13. c4 Rab8 14. b4 dxc4
15. Rc1 Qd5 16. Rh2 Bd3 17. Bc2 Rb6 18. Nxc4 Bxc4 19. Bxh7+ *

[Event "Tournoi francophone 003 Groupe C"]
[Site "Skype"]
[Date "????.??.??"]
[Round "5.3"]
[White "Martin, Jean-Claude"]
[Black "Hargez, Dany"]
[Result "0-1"]
[WhiteElo "1440"]
[BlackElo "1384"]
[PlyCount "60"]

1. d4 Nf6 2. c4 d5 3. Nc3 c6 4. Bf4 Bf5 5. e3 e6 6. a3 Ne4 7. cxd5 Qa5 8. b4
Bxb4 9. axb4 Qxb4 10. Nge2 Nxc3 11. Qd2 Nxd5 12. Qxb4 Nxb4 13. Rc1 Nd3+ 14. Kd2
Nxc1 15. Nxc1 O-O 16. Na2 Nd7 17. Bc4 c5 18. Bd6 Rfd8 19. Be7 Rdc8 20. Bb5 cxd4
21. Nb4 dxe3+ 22. fxe3 Nc5 23. Bxc5 Rxc5 24. Bd3 Rd8 25. e4 Bxe4 26. Ke3 Bg6
27. Rd1 Re5+ 28. Kd2 a5 29. Re1 Rxe1 30. Kxe1 axb4 0-1

[Event "Tournoi francophone 003 Groupe C"]
[Site "Skype"]
[Date "????.??.??"]
[Round "5.5"]
[White "Rodriguez, Nathalie"]
[Black "L'Herbon De Lussats, Jean"]
[Result "0-1"]
[WhiteElo "1385"]
[BlackElo "1374"]
[PlyCount "58"]

1. d4 Nc6 2. Nc3 Nf6 3. Bf4 d5 4. Nb5 e5 5. Nxc7+ Qxc7 6. dxe5 Nh5 7. e3 Nxf4
8. exf4 Be6 9. Bd3 Bb4+ 10. c3 Bc5 11. Qe2 O-O 12. Nf3 a6 13. O-O b5 14. b4 Ba7
15. Ng5 g6 16. Nxe6 fxe6 17. g3 Ne7 18. Qg4 Nf5 19. Rfc1 Qb6 20. Qf3 Rac8 21.
a3 Rc7 22. Rc2 d4 23. Rac1 Rfc8 24. Qe2 dxc3 25. Qe1 Qd4 26. Qe2 Rd8 27. Be4
Rdc8 28. Kg2 Qb6 29. Qf3 Nd4 0-1

[Event "Tournoi francophone 003 Groupe C"]
[Site "Skype"]
[Date "????.??.??"]
[Round "6.1"]
[White "Talbot, Jacques"]
[Black "L'Herbon De Lussats, Jean"]
[Result "1-0"]
[WhiteElo "1525"]
[BlackElo "1374"]
[PlyCount "111"]

1. e4 c5 2. Nf3 Nc6 3. d4 cxd4 4. Nxd4 e5 5. Nxc6 bxc6 6. Bc4 Nf6 7. Nc3 Bb7 8.
O-O d5 9. exd5 cxd5 10. Bb5+ Nd7 11. Nxd5 Bc5 12. Be3 Bxe3 13. Nxe3 a6 14.
Bxd7+ Qxd7 15. Qxd7+ Kxd7 16. Rfd1+ Ke6 17. Rd2 Rhd8 18. Rad1 Rxd2 19. Rxd2 g6
20. Nc4 f6 21. f3 e4 22. fxe4 Bxe4 23. Re2 f5 24. Nd2 Kd5 25. Nxe4 fxe4 26.
Rd2+ Ke5 27. Kf2 Kf4 28. g3+ Ke5 29. Ke3 Rf8 30. Rf2 Rd8 31. Rf4 Rd4 32. Rh4 h5
33. g4 Rc4 34. c3 Rc6 35. gxh5 Rf6 36. Rxe4+ Kf5 37. Rf4+ Kg5 38. Rxf6 Kxf6 39.
h6 Kf7 40. Kf4 Kg8 41. Kg5 Kh7 42. c4 a5 43. c5 a4 44. c6 a3 45. b3 Kg8 46.
Kxg6 Kf8 47. h7 Ke7 48. h8=Q Kd6 49. Qf6+ Kc7 50. Kf7 Kb6 51. Ke7 Kb5 52. c7
Kb4 53. c8=R Kb5 54. Qc6+ Kb4 55. Rb8+ Ka5 56. Rb5# 1-0

[Event "Tournoi francophone 003 Groupe C"]
[Site "Skype"]
[Date "????.??.??"]
[Round "6.2"]
[White "Dubois, Real"]
[Black "Rodriguez, Nathalie"]
[Result "1-0"]
[WhiteElo "1409"]
[BlackElo "1385"]
[PlyCount "59"]

1. d4 d5 2. e3 Nc6 3. Bd3 Nf6 4. Nf3 h6 5. a3 e6 6. c4 a6 7. O-O Be7 8. Qc2 O-O
9. Nc3 dxc4 10. Bxc4 b5 11. Bb3 e5 12. Nxb5 axb5 13. Qxc6 Bd7 14. Qc2 Bd6 15.
dxe5 Be7 16. exf6 Bxf6 17. Qe2 Re8 18. Rd1 Qe7 19. Bc2 g6 20. Qd3 Rad8 21. Nd4
h5 22. Rb1 c6 23. b4 Bf5 24. Qc3 Bg4 25. f3 Bd7 26. Bb2 Qe5 27. Re1 Re7 28.
Nxc6 Bxc6 29. Qxc6 Qg5 30. Qxf6 1-0

[Event "Tournoi francophone 003 Groupe C"]
[Site "Skype"]
[Date "????.??.??"]
[Round "6.3"]
[White "Hargez, Dany"]
[Black "Coruble, Didier"]
[Result "0-1"]
[WhiteElo "1384"]
[BlackElo "1505"]
[PlyCount "130"]

1. e4 d6 2. d4 c6 3. Nf3 Bg4 4. Be2 Nf6 5. Qd3 Nbd7 6. e5 Nd5 7. Nh4 Bxe2 8.
Qxe2 e6 9. Nf3 Be7 10. O-O Qc7 11. c4 N5b6 12. b3 h6 13. h3 d5 14. c5 Nc8 15.
Bf4 b5 16. b4 Nf8 17. Bg3 a5 18. Qd2 a4 19. a3 Ng6 20. Nc3 Na7 21. Ne2 O-O-O
22. Nf4 Nxf4 23. Qxf4 Rdf8 24. Qe3 g5 25. Nd2 Kb7 26. f4 Nc8 27. Nb3 axb3 28.
Qxb3 f6 29. a4 Na7 30. a5 Ka6 31. fxg5 fxg5 32. Rxf8 Rxf8 33. Rf1 Rxf1+ 34.
Kxf1 Qd8 35. Qf3 Qg8 36. Qh5 g4 37. Qxg4 Qxg4 38. hxg4 Bg5 39. Kf2 Nc8 40. Ke2
Ne7 41. Kd3 Ng6 42. Ke2 Kb7 43. Bf2 Bc1 44. Be3 Ba3 45. Bd2 Bb2 46. Kd3 Nh4 47.
g3 Nf3 48. Bxh6 Bxd4 49. g5 Bxe5 50. g6 Ne1+ 51. Ke2 Nc2 52. g7 Bxg7 53. Bxg7
Nxb4 54. Bc3 Na2 55. Bd2 b4 56. Bxb4 Nxb4 57. g4 d4 58. g5 Nd5 59. g6 Nf6 60.
g7 Ng8 61. Kd3 e5 62. Ke4 Ka6 63. Kxe5 d3 64. Ke4 d2 65. Ke3 d1=Q 0-1

[Event "Tournoi francophone 003 Groupe C"]
[Site "Skype"]
[Date "????.??.??"]
[Round "6.4"]
[White "Gabriele, Noel"]
[Black "Martin, Jean-Claude"]
[Result "1-0"]
[WhiteElo "1373"]
[BlackElo "1440"]
[PlyCount "51"]

1. d4 e5 2. dxe5 Nc6 3. Bf4 Qe7 4. Nf3 Qb4+ 5. Bd2 Qe7 6. Bf4 Qb4+ 7. Bd2 Qxb2
8. Nc3 Qb6 9. a3 Bc5 10. e3 a6 11. Nd5 Qa7 12. Nxc7+ Kd8 13. Nxa8 Qxa8 14. Bd3
Qb8 15. Bc3 d6 16. e6 Nf6 17. exf7 h6 18. Bc4 d5 19. Bxd5 Nxd5 20. Qxd5+ Bd6
21. O-O Ke7 22. Bxg7 Be6 23. f8=Q+ Rxf8 24. Bxf8+ Qxf8 25. Qe4 Qg7 26. Nh4 1-0

[Event "Tournoi francophone 003 Groupe C"]
[Site "Skype"]
[Date "????.??.??"]
[Round "6.5"]
[White "Bousbia, Amine"]
[Black "Holtz, Steve"]
[Result "1-0"]
[WhiteElo "1513"]
[BlackElo "1609"]
[PlyCount "79"]

1. e4 e5 2. Nf3 Nc6 3. Nc3 Nf6 4. Bb5 Bc5 5. O-O d6 6. d4 exd4 7. Nxd4 Bd7 8.
Nxc6 Bxc6 9. Bxc6+ bxc6 10. Bg5 O-O 11. Qf3 Re8 12. Rfd1 Re5 13. Bf4 Re8 14. e5
Nd7 15. exd6 cxd6 16. Bxd6 Bxd6 17. Qxc6 Bxh2+ 18. Kxh2 Qh4+ 19. Kg1 Ne5 20.
Qd6 Rad8 21. Qc7 Rc8 22. Qd6 Rc6 23. Rd4 Qg5 24. Qd5 Rcc8 25. f4 Qe7 26. Re4
Rcd8 27. Rxe5 Rxd5 28. Rxe7 Rxe7 29. Nxd5 Re2 30. Rc1 h5 31. Kf1 Rd2 32. Ne7+
Kf8 33. Nc6 h4 34. b3 Rd6 35. Nxa7 Rf6 36. Kg1 Rxf4 37. c4 Rg4 38. c5 h3 39. c6
Rxg2+ 40. Kh1 1-0

[Event "Tournoi francophone 003 Groupe C"]
[Site "Skype"]
[Date "????.??.??"]
[Round "7.1"]
[White "Holtz, Steve"]
[Black "Talbot, Jacques"]
[Result "1-0"]
[WhiteElo "1609"]
[BlackElo "1525"]
[PlyCount "55"]

1. d4 d5 2. Nc3 e6 3. Nf3 Nf6 4. Bf4 a6 5. e3 Bd6 6. Bg5 Be7 7. Be2 O-O 8. Bh4
Nbd7 9. Bg3 c6 10. a3 Nb6 11. Bd3 Bd6 12. Bh4 Nbd7 13. Ng5 h6 14. Nh7 Re8 15.
Nxf6+ Nxf6 16. Ne2 Be7 17. Ng3 g5 18. Nh5 Nxh5 19. Qxh5 Bf8 20. Bg3 Bg7 21. h4
Qf6 22. hxg5 Qxg5 23. Qh2 e5 24. Bxe5 Bxe5 25. dxe5 Rxe5 26. O-O-O Bg4 27. f4
Qh5 28. Qg3 1-0

[Event "Tournoi francophone 003 Groupe C"]
[Site "Skype"]
[Date "????.??.??"]
[Round "7.2"]
[White "Martin, Jean-Claude"]
[Black "Bousbia, Amine"]
[Result "0-1"]
[WhiteElo "1440"]
[BlackElo "1513"]
[PlyCount "52"]

1. d4 Nf6 2. c4 e6 3. Nc3 Bb4 4. Bd2 c5 5. Nf3 cxd4 6. Nxd4 Nc6 7. Nxc6 dxc6 8.
a3 Bd6 9. Bg5 Qc7 10. g3 O-O 11. Bxf6 gxf6 12. e3 f5 13. Bg2 Be5 14. Qc2 b5 15.
cxb5 Bb7 16. O-O-O cxb5 17. Bxb7 Qxb7 18. f4 Bxc3 19. bxc3 Rac8 20. Qb3 Rxc3+
21. Qxc3 Rc8 22. Rd8+ Rxd8 23. Qe1 Rc8+ 24. Kd2 Qd5+ 25. Ke2 Rc2+ 26. Kf1 Qxh1#
0-1

[Event "Tournoi francophone 003 Groupe C"]
[Site "Skype"]
[Date "????.??.??"]
[Round "7.3"]
[White "Coruble, Didier"]
[Black "Gabriele, Noel"]
[Result "1-0"]
[WhiteElo "1505"]
[BlackElo "1373"]
[PlyCount "67"]

1. b3 e5 2. Bb2 Nc6 3. Nf3 d6 4. e4 Nf6 5. d3 Be7 6. h3 O-O 7. g4 Ne8 8. c4 b6
9. Nc3 Be6 10. Nd5 Bxd5 11. cxd5 Nb8 12. a4 Nd7 13. d4 f6 14. Bb5 a6 15. Bc6
Rb8 16. O-O h6 17. Nh4 Rf7 18. Nf5 Bf8 19. f4 g6 20. Nh4 f5 21. Nxg6 fxe4 22.
dxe5 dxe5 23. Bxd7 Qxd7 24. Nxe5 Qd6 25. Nxf7 Kxf7 26. Re1 Bg7 27. Qd2 e3 28.
Qe2 Bxb2 29. Qxb2 Qxd5 30. Rad1 Qc6 31. Rd4 Nd6 32. g5 Nf5 33. Rc4 Re8 34. Rxc6
1-0